000 00834cab a2200229 4500
001 ABS67929
008 040607n2004 000 0 eng u
035 _a(Sirsi) u126429
245 _aReview makes questionable assumptions
260 _c2004
490 _aCountryside Voice
_vSummer 2004, 14-15(2)
520 _aQuestions whether the government plan to increase the supply of homes in England, following the Barker review, will make housing more affordable and considers whether it will have a detrimental effect on the countryside.
590 _aABS
650 _aBARKER REVIEW OF HOUSING SUPPLY: SECURING OUR FUTURE HOUSING NEEDS
650 _aHOUSE BUILDING
650 _aNEW HOMES
650 _aHOUSING SUPPLY
650 _aHOUSE PRICES
650 _aRURAL HOUSING
690 _aHOUSING-DEVELOPMENT
942 _n0
999 _c74423
_d74423